| 000 | 00696nam a22001577a 4500 | ||
|---|---|---|---|
| 003 | OSt | ||
| 005 | 20151202152054.0 | ||
| 008 | 151202b xxu||||| |||| 00| 0 eng d | ||
| 040 | _cRUA | ||
| 082 | _aFIS MEN 2002 B174 Or.1 | ||
| 100 |
_94157 _aMEN, PHALIN. |
||
| 245 | _aCommunity based coastal fisheries resource management thmey village prey thom commune krong kep, ការគ្រប់គ្រងធនធានជលផលតំបន់ឆ្នេរក្នុងសហគមន៏ភូមិថ្មី សង្កាត់ព្រៃធំ ខ៏ណ្ឌកែប ក្រុងកែប | ||
| 260 |
_aPhnom Penh _bRUA _c2002 |
||
| 300 |
_a48p. _bill. _c29cm. |
||
| 942 |
_2ddc _cFIS |
||
| 999 |
_c3871 _d3871 |
||